000 00742nam a22002657a 4500
001 BR9702253
003 BR-BrBNA
005 20230928095436.0
007 ta
008 230509b bl.||||| |||| 00| 0 por d
040 _aBR-BrBNA
_bpor
_cBiblioteca Nacional de Agricultura
041 _a(Por)
072 _aC10
090 _ C10 BR9702253
110 1 _aMinisterio da Educacao e Cultura, Brasilia, DF (Brasil). Depto. de Ensino Medio
_97009
245 1 _aFormacao profissional no meio rural
260 3 _aBrasilia, DF (Brasil):
_c[nd].
300 _a118 p.
500 _a15 ref.
650 _aEnsino Agricola
650 _aExtensao Rural
650 _aPolitica Educacional
909 _a202309
_bLucia
_c55
_dLucia Elande
942 _cBK
999 _c56593
_d56593